Franchises NBA et leurs anciens noms - Statistiques

Statistiques générales
  • Ce quiz a été pris 21 fois
  • Le résultat moyen est 2 sur 17
Statistiques - réponses
Noms actuels Date des anciens noms Anciens noms % Correct
Oklahoma City Thunder 1967-2008 Seattle SuperSonics
70%
Memphis Grizzlies 1995-2001 Vancouver Grizzlies
45%
Denver Nuggets 1967-1974 Denver Rockets
25%
Los Angeles Clippers 1970-19781978-1984 Buffalo BravesSan Diego Clippers
10%
Charlotte Hornets 1988-20022004-2014 Charlotte HornetsCharlotte Bobcats
10%
Detroit Pistons 1941-1957 Fort Wayne Pistons
10%
Utah Jazz 1974-1979 New Orleans Jazz
10%
Houston Rockets 1967-1971 San Diego Rockets
10%
Philadelphia 76ers 1946-1963 Syracuse Nationals
10%
Atlanta Hawks 19461946-1951 1951-1955 1955-1968 Buffalo BisonsTri-Cities Blackhawks Milwaukee Hawks Saint-Louis Hawks
5%
Washington Wizards 1961-19621962-1963 1963-1973 1973-1974 1974-1997 Chicago PackersChicago Zephyrs Baltimore Bullets Capital Bullets Washington Bullets
5%
San Antonio Spurs 1967-1970 et 1971-19731970-1971 Dallas ChaparralsTexas Chaparrals
5%
Los Angeles Lakers 1946-19471947-1970 Detroit GemsMinneapolis Lakers
5%
Brooklyn Nets 1967-19681968-1977 1977-2012 New Jersey AmericansNew York Nets New Jersey Nets
5%
New Orleans Pelicans 2002-20052005-2007 2007-2013 New Orleans HornetsNew Orleans Oklahoma City Hornets New Orleans Hornets
5%
Golden State Warriors 1946-19621962-1971 Philadelphia WarriorsSan Antonio Warriors
5%
Sacramento Kings 1923-19421942-1943 1943-1945 1945-1957 1957-1972 1972-1975 1975-1985 Rochester SeagramsRochester Eber Seagrams Rochester Pros Rochester Royals Cincinnati Royals Kansas City-Omaha Kings Kansas City Kings
5%
Aucun quiz correspondant
Distribution des résultats
% des personnes avec chaque résultat
Percentile par nombre de réponses
Votre historique - résultats
Vous n’avez pas pris ce quiz